| 000 | 00000nam 2200000zi 4500 |
| 001 | 9.950974 |
| 003 | CaOODSP |
| 005 | 20250509090637 |
| 006 | m o d f |
| 007 | cr |n||||||||| |
| 008 | 250509t19931993onc ob f000 0 fre d |
| 020 | |z0660942496 |
| 040 | |aCaOODSP|bfre|erda|cCaOODSP |
| 043 | |an-cn--- |
| 086 | 1 |aSW45-1/1993F-PDF|zSW45-1/1993F |
| 110 | 1 |aCanada.|bComité canadien sur la violence faite aux femmes, |eauteur, |eorganisme de publication. |
| 245 | 10|aRapport final du Comité canadien sur la violence faite aux femmes. |
| 246 | 34|aUn nouvel horizon : |béliminer la violence, atteindre l'égalité: rapport final |
| 264 | 1|a[Ottawa] : |bComité canadien sur la violence faite aux femmes,|c[1993] |
| 264 | 4|c©1993 |
| 300 | |a1 ressource en ligne (1 volume en pagination multiple) |
| 336 | |atexte|btxt|2rdacontent/fre |
| 337 | |ainformatique|bc|2rdamedia/fre |
| 338 | |aressource en ligne|bcr|2rdacarrier/fre |
| 500 | |aPublié aussi en anglais sous le titre : Final report of the Canadian Panel on Violence Against Women. |
| 500 | |aÉdition numérisée de l'imprimé [par Bibliothèque et Archives Canada]. |
| 504 | |aComprend des références bibliographiques. |
| 650 | 6|aFemmes autochtones|xViolence envers|zCanada. |
| 650 | 6|aFemmes Métis|xViolence envers|zCanada|xPrévention. |
| 650 | 6|aFemmes|xCrimes contre|zCanada. |
| 650 | 6|aFemmes|xCrimes contre|zCanada|xPrévention. |
| 650 | 6|aFemmes victimes de violence|xPolitique gouvernementale|zCanada. |
| 650 | 6|aVictimes d'actes criminels|xPolitique gouvernementale|zCanada. |
| 775 | 08|tFinal report of the Canadian Panel on Violence Against Women.|w(CaOODSP)9.950972 |
| 776 | 0#|tUn nouvel horizon: éliminer la violence, atteindre l'égalité: rapport final |w(CaOODSP)9.678574 |
| 856 | 40|qPDF|s201699 Ko|uhttps://publications.gc.ca/collections/collection_2025/fegc-wage/SW45-1-1993-fra.pdf |